000 00712nam a22002057a 4500
999 _c157811
_d157811
005 20181003112552.0
010 _aENG-124156
020 _a9789386602091
_c495.00
035 _aEN-107688
037 _bDBAD/PUB
082 0 0 _a339
100 _aBanerjee, Sreejata
245 1 0 _aMacroeconomics:
_cby Sreejata Banerjee [and] P. Nandakumar warrier
_btheories and applications for emerging economies /
260 _aNew Delhi
_bSAGE Publications,
_c2018
270 _aB1/I-1 Mohan Cooperative Industrial Area, Mathura Road
_bNew Delhi
_e110044
300 _axx,482p.(I-1)
_c25cm.(pbk)
_bill.
500 _aIt includes index
700 _a warrier, P. Nandakumar
942 _2ddc
_cEN
_h339
_mBAN